000 01214nam a22003617a 4500
003 CHAP
005 20220817043341.0
008 971013s1993 r 00010 d
010 _a72852
011 _a73824
035 _a83382
040 _cCHAP
082 _a338.972
_bB34
110 _aBanco Nacional de México, S. A.
_99889
245 _aMéxico en la decada de los 90
_b: estudios económicos y sociales
260 _aMéxico, D.F. :
_bBANAMEX,
_c1993
300 _a302 p.
590 _aBATCH-UPD
_b10
_c20130110
_lUCH01
_h1132
590 _aBATCH-UPD
_b10
_c20130410
_lUCH01
_h0721
590 _aBATCH-UPD
_b10
_c20130914
_lUCH01
_h1013
590 _aBATCH-UPD
_b10
_c20161124
_lUCH01
_h1711
590 _aCONVERSION
_b10
_c20130109
_lUCH01
_h1340
650 1 4 _aComercio
_zMéxico.
_925624
650 1 4 _aFinanzas
_xMéxico.
_940943
650 1 4 _aMéxico
_xCondiciones económicas.
650 1 4 _aMéxico
_xCondiciones sociales.
_976730
650 1 4 _aPolítica económica
_zMéxico.
_990535
650 1 4 _aTratado Trilateral de Libre Comercio.
651 4 _aMéxico
_xPolítica y gobierno.
_976783
901 _aBK
942 _cLIBRO
949 _a338.972 B34
_bBC
_cLIBRO
_d33724000434882
_eLIBRO
_h86782
_i83382
_si
999 _c72852
_d72852